Law on infrastructure development (Record no. 241373)
[ view plain ]
| 000 -LEADER | |
|---|---|
| fixed length control field | 00538nam a22001937a 4500 |
| 005 - DATE AND TIME OF LATEST TRANSACTION | |
| control field | 20260428141907.0 |
| 008 - FIXED-LENGTH DATA ELEMENTS--GENERAL INFORMATION | |
| fixed length control field | 260428b |||||||| |||| 00| 0 eng d |
| 020 ## - INTERNATIONAL STANDARD BOOK NUMBER | |
| International Standard Book Number | 9789392234651 |
| 040 ## - CATALOGING SOURCE | |
| Transcribing agency | AL |
| 041 ## - LANGUAGE CODE | |
| Language code of text/sound track or separate title | English |
| 082 ## - DEWEY DECIMAL CLASSIFICATION NUMBER | |
| Classification number | 343.0721 |
| Item number | MYNL |
| 100 ## - MAIN ENTRY--PERSONAL NAME | |
| Personal name | S R Myneni |
| 100 ## - MAIN ENTRY--PERSONAL NAME | |
| 9 (RLIN) | 263051 |
| 245 ## - TITLE STATEMENT | |
| Title | Law on infrastructure development |
| 260 ## - PUBLICATION, DISTRIBUTION, ETC. | |
| Place of publication, distribution, etc. | Haryana |
| Name of publisher, distributor, etc. | New Era law publication |
| Date of publication, distribution, etc. | 2023 |
| 300 ## - PHYSICAL DESCRIPTION | |
| Extent | 630 p. |
| Other physical details | PB |
| Dimensions | 24x16 cm. |
| 365 ## - TRADE PRICE | |
| Price type code | 1368 |
| Price amount | ₹521.25 |
| Currency code | ₹ |
| Unit of pricing | ₹695.00 |
| Price note | 25% |
| Price effective from | 21-03-2026 |
| 650 ## - SUBJECT ADDED ENTRY--TOPICAL TERM | |
| Topical term or geographic name entry element | law |
| 9 (RLIN) | 263052 |
| 942 ## - ADDED ENTRY ELEMENTS (KOHA) | |
| Source of classification or shelving scheme | Dewey Decimal Classification |
| Koha item type | Book |
| Withdrawn status | Lost status | Source of classification or shelving scheme | Damaged status | Not for loan | Collection code | Home library | Current library | Date acquired | Source of acquisition | Cost, normal purchase price | Total Checkouts | Full call number | Barcode | Date last seen | Cost, replacement price | Price effective from | Koha item type |
|---|---|---|---|---|---|---|---|---|---|---|---|---|---|---|---|---|---|
| Dewey Decimal Classification | Law | St Aloysius Law Library | St Aloysius Law Library | 04/23/2026 | MPP House Bengaluru -560009 | 521.25 | 343.0721 MYNL | LL002713 | 04/28/2026 | 695.00 | 03/21/2026 | Book | |||||
| Dewey Decimal Classification | Law | St Aloysius Law Library | St Aloysius Law Library | 04/23/2026 | MPP House Bengaluru -560009 | 521.25 | 343.0721 MYNL | LL002714 | 04/28/2026 | 695.00 | 03/21/2026 | Book | |||||
| Dewey Decimal Classification | Law | St Aloysius Law Library | St Aloysius Law Library | 04/23/2026 | MPP House Bengaluru -560009 | 521.25 | 343.0721 MYNL | LL002715 | 04/28/2026 | 695.00 | 03/21/2026 | Book |